01293cam a22003494i 4500003000900000005001700009008004100026020001500067020001800082035002000100040003300120082001700153100003900170245015200209250003600361264006200397300005400459336002100513337002500534338002300559505016400582526000900746526000900755526000800764526000800772526000800780650002900788650002400817650002300841700003900864710004000903PE-LiUPU20250731183356.0170227s2013 sp a r 000 0 spa d a8499367216 a9788499367217 a(Sirsi) a167173 aPE-LiUPUbspacPE-LiUPUerda04a749bS212191 aSantos Quartino, Daniela.,eautor.13aLa biblia del mueble clásico :bmuebles de hoy inspirados en los clásicos de ayer /cDaniela Santos Quartino ; traducción Cillero & de Motta. aEditor Daniela Santos Quartino. 1aBarcelona :bLexus Editores :bLOFT Publications, c2013. a419 páginas :bilustraciones ; c27 centimetros atext2rdacontent aunmediated2rdamedia avolume2rdacarrier0 aIntroducción -- Sillas y sillones -- Sófas y divanes -- Vitrinas, librerías armarios -- Cómodas, aparadores y consolas -- Muebles auxiliares -- Camas . aP158 aP146 aP17 aP12 aP06 0aCuidado de los enfermos.04aMuebles xHistoria.04aMuebles xModelos.1 aSantos Quartino, Daniela,eeditor.2 aCillero & de Motta, etraducción.